| 000 | 00956nam a22002415a 4500 | ||
|---|---|---|---|
| 005 | 20080811235115.0 | ||
| 008 | 080618r20071931ii b 000 0 fre | ||
| 010 | _aENG-92316 | ||
| 020 |
_a9788188643226 _c1000.00 |
||
| 035 | _aEN-75849 | ||
| 040 |
_adpl _bEnglish |
||
| 082 | _a016.22021 | ||
| 100 | _aRenou, Louis, | ||
| 245 |
_aVedic bibliography / _cby Louis Renou ; foreword by Lokesh Chandra. |
||
| 260 |
_aNew Delhi _bAkshaya Prakashan _c2007 |
||
| 300 |
_a v, 339 p. _c28 cm (Hb) |
||
| 500 | _aOriginally published: Paris, 1931. | ||
| 546 |
_aIncludes text in English and Sanskrit _b(Sanskrit in roman). |
||
| 650 |
_aVedic literature _vBibliography. |
||
| 650 |
_aCivilization, Hindu _vBibliography. |
||
| 942 |
_2ddc _cEN _mREN _h016.22021 |
||
| 999 |
_c20386 _d20386 |
||